| 000 | 00365nam a2200157Ia 4500 | ||
|---|---|---|---|
| 008 | 210210b xxu||||| |||| 00| 0 eng d | ||
| 041 | _aeng | ||
| 082 | _a823/323 | ||
| 100 | _aSHAKESPEARE (William) | ||
| 245 | _aTwelfth night | ||
| 260 |
_aMadras _bS Vishwanathan Pvt Ltd _c |
||
| 650 | _aTwelfth | ||
| 650 | _anight | ||
| 690 | _aEnglish Drama | ||
| 906 | _a013867 | ||
| 999 |
_c132936 _d132936 |
||